[Event "World Chess Olympiad 2018"]
[Site "Batumi"]
[Date "2018.10.02"]
[Round "8"]
[Board "1"]
[WhiteFideId "2101246"]
[White "Leitao Rafael"]
[BlackFideId "10100792"]
[Black "Miguel Sergio"]
[Result "1-0"]
[LiveChessVersion "1.4.8"]
[BlackElo "2285"]
[WhiteElo "2620"]

1. d4 {[%clk 1:30:53]} Nf6 {[%clk 1:30:52]} 2. c4 {[%clk 1:31:16]} e6
{[%clk 1:31:17]} 3. Nf3 {[%clk 1:31:17]} b6 {[%clk 1:31:37]} 4. g3
{[%clk 1:31:14]} Ba6 {[%clk 1:31:53]} 5. Nbd2 {[%clk 1:28:53]} c5
{[%clk 1:30:26]} 6. Bg2 {[%clk 1:24:20]} Nc6 {[%clk 1:28:33]} 7. e3
{[%clk 1:04:12]} Be7 {[%clk 1:25:02]} 8. O-O {[%clk 0:59:01]} O-O
{[%clk 1:25:25]} 9. Ne5 {[%clk 0:56:26]} Bb7 {[%clk 1:19:18]} 10. b3
{[%clk 0:53:52]} Qc7 {[%clk 1:10:44]} 11. Bb2 {[%clk 0:53:30]} d6
{[%clk 1:11:00]} 12. Nd3 {[%clk 0:53:09]} Na5 {[%clk 1:08:38]} 13. e4
{[%clk 0:47:23]} cxd4 {[%clk 1:08:46]} 14. Bxd4 {[%clk 0:47:47]} Rad8
{[%clk 1:07:12]} 15. Rc1 {[%clk 0:47:34]} Qb8 {[%clk 1:06:01]} 16. Re1
{[%clk 0:45:39]} Nc6 {[%clk 1:02:17]} 17. Bb2 {[%clk 0:45:56]} Ne5
{[%clk 1:02:40]} 18. Nb1 {[%clk 0:32:11]} Rd7 {[%clk 0:58:56]} 19. Nc3
{[%clk 0:29:24]} Rfd8 {[%clk 0:55:40]} 20. Nf4 {[%clk 0:28:39]} a6
{[%clk 0:51:13]} 21. Qe2 {[%clk 0:19:56]} Bc6 {[%clk 0:49:07]} 22. a4
{[%clk 0:19:17]} Rb7 {[%clk 0:48:41]} 23. Bf1 {[%clk 0:18:53]} g5
{[%clk 0:38:35]} 24. Nd3 {[%clk 0:19:07]} g4 {[%clk 0:30:26]} 25. Nxe5
{[%clk 0:18:37]} dxe5 {[%clk 0:30:54]} 26. Nd5 {[%clk 0:17:37]} exd5
{[%clk 0:27:42]} 27. exd5 {[%clk 0:18:03]} Be8 {[%clk 0:25:05]} 28. Bxe5
{[%clk 0:18:29]} Qc8 {[%clk 0:18:09]} 29. Bg2 {[%clk 0:18:54]} Ra7
{[%clk 0:07:19]} 30. Qe3 {[%clk 0:15:02]} Qf5 {[%clk 0:05:26]} 31. Qxb6
{[%clk 0:14:07]} Nd7 {[%clk 0:04:07]} 32. Qxa7 Bc5 {[%clk 0:04:10]} 33. Qc7
{[%clk 0:12:32]} Bb6 {[%clk 0:03:46]} 34. Qxd8 {[%clk 0:08:45]} Bxd8
{[%clk 0:02:39]} 35. Bb2 {[%clk 0:08:48]} Nf6 {[%clk 0:00:43]} 36. Bxf6
{[%clk 0:09:02]} Bxf6 {[%clk 0:01:12]} 37. Rxe8+ {[%clk 0:09:24]} Kg7
{[%clk 0:01:28]} 38. Re4 {[%clk 0:09:16]} Bg5 {[%clk 0:00:41]} 39. Rd1
{[%clk 0:09:29]} 1-0

[Event "World Chess Olympiad 2018"]
[Site "Batumi"]
[Date "2018.10.02"]
[Round "8"]
[Board "2"]
[WhiteFideId "10100091"]
[White "Soares Erikson Roberto Mauricio"]
[BlackFideId "2107139"]
[Black "Fier Alexandr"]
[Result "0-1"]
[LiveChessVersion "1.4.8"]
[BlackElo "2558"]
[WhiteElo "2283"]

1. Nf3 {[%clk 1:30:58]} d5 {[%clk 1:30:55]} 2. g3 {[%clk 1:30:54]} g6
{[%clk 1:31:21]} 3. Bg2 {[%clk 1:31:19]} Bg7 {[%clk 1:31:47]} 4. d4
{[%clk 1:31:46]} Nd7 {[%clk 1:32:13]} 5. O-O {[%clk 1:32:02]} Ngf6
{[%clk 1:32:40]} 6. b3 O-O {[%clk 1:32:31]} 7. Bb2 {[%clk 1:30:18]} c5
{[%clk 1:30:41]} 8. e3 {[%clk 1:26:39]} b6 {[%clk 1:30:26]} 9. Ne5
{[%clk 1:26:50]} Bb7 {[%clk 1:30:08]} 10. Na3 {[%clk 1:21:45]} cxd4
{[%clk 1:28:34]} 11. exd4 {[%clk 1:21:06]} a6 {[%clk 1:28:59]} 12. c4
{[%clk 1:20:30]} e6 {[%clk 1:29:24]} 13. Qe2 {[%clk 1:12:40]} Rb8
{[%clk 1:27:31]} 14. Rfd1 {[%clk 1:06:47]} dxc4 {[%clk 1:27:19]} 15. Naxc4
{[%clk 0:57:58]} b5 {[%clk 1:23:00]} 16. Bxb7 {[%clk 0:52:36]} Rxb7
{[%clk 1:23:27]} 17. Qf3 {[%clk 0:52:26]} Nd5 {[%clk 1:19:11]} 18. Ne3
{[%clk 0:34:48]} N7f6 {[%clk 1:16:21]} 19. Rdc1 {[%clk 0:33:46]} Rc7
{[%clk 1:14:51]} 20. a3 {[%clk 0:26:34]} Rc8 {[%clk 1:11:59]} 21. b4
{[%clk 0:25:46]} Qd6 {[%clk 1:11:22]} 22. Rc5 {[%clk 0:24:59]} Nxe3
{[%clk 1:04:33]} 23. fxe3 {[%clk 0:24:46]} Rxc5 {[%clk 1:02:09]} 24. bxc5
{[%clk 0:21:35]} Qd5 {[%clk 1:02:37]} 25. Qxd5 {[%clk 0:13:32]} Nxd5
{[%clk 1:03:05]} 26. e4 {[%clk 0:13:44]} Ne7 {[%clk 1:03:31]} 27. Nf3
{[%clk 0:12:23]} h6 {[%clk 1:03:02]} 28. Bc3 {[%clk 0:09:53]} f5 {[%clk 1:03:26]}
29. e5 {[%clk 0:09:50]} Nc6 {[%clk 1:02:30]} 30. Rb1 {[%clk 0:09:16]} Rd8
{[%clk 1:02:30]} 31. Kf2 {[%clk 0:09:18]} Kf7 {[%clk 1:02:13]} 32. Rb2
{[%clk 0:08:59]} Ke8 {[%clk 1:00:42]} 33. Ke3 {[%clk 0:08:33]} Rb8
{[%clk 0:59:42]} 34. Kd3 {[%clk 0:06:17]} Bf8 {[%clk 0:59:53]} 35. Rd2
{[%clk 0:02:52]} Kd7 {[%clk 1:00:12]} 36. Ne1 {[%clk 0:01:45]} Be7
{[%clk 0:58:23]} 37. Nc2 {[%clk 0:01:39]} Bd8 {[%clk 0:58:27]} 38. Rf2
{[%clk 0:01:10]} a5 {[%clk 0:57:40]} 39. h3 {[%clk 0:00:52]} h5 {[%clk 0:55:43]}
40. g4 {[%clk 0:30:44]} b4 {[%clk 1:24:25]} 41. axb4 {[%clk 0:25:04]} axb4
{[%clk 1:24:48]} 42. Bb2 {[%clk 0:25:25]} Bh4 {[%clk 1:23:18]} 43. Rf1
{[%clk 0:25:19]} hxg4 {[%clk 1:22:23]} 44. hxg4 {[%clk 0:25:42]} fxg4
{[%clk 1:22:50]} 45. Rf4 {[%clk 0:20:54]} g5 {[%clk 1:22:38]} 46. Rf7+
{[%clk 0:19:22]} Ke8 {[%clk 1:22:24]} 47. Rh7 {[%clk 0:19:14]} Rd8
{[%clk 1:20:39]} 48. Ke4 {[%clk 0:18:09]} Bf2 {[%clk 1:21:06]} 49. Rg7
{[%clk 0:05:30]} b3 {[%clk 1:18:45]} 50. Ne3 {[%clk 0:05:44]} g3 {[%clk 1:16:54]}
51. Rxg5 {[%clk 0:06:02]} Bxe3 {[%clk 1:17:18]} 52. Kxe3 {[%clk 0:00:41]} Nxd4
{[%clk 1:17:06]} 53. Bxd4 {[%clk 0:00:32]} Rxd4 {[%clk 1:17:33]} 54. Rxg3
{[%clk 0:00:34]} Rb4 {[%clk 1:17:11]} 55. Rg1 {[%clk 0:00:36]} b2
{[%clk 1:17:19]} 56. Rb1 {[%clk 0:00:51]} Kd7 {[%clk 1:17:46]} 57. Kd3
{[%clk 0:00:53]} Kc6 {[%clk 1:18:13]} 0-1

[Event "World Chess Olympiad 2018"]
[Site "Batumi"]
[Date "2018.10.02"]
[Round "8"]
[Board "3"]
[WhiteFideId "2106388"]
[White "Supi Luis Paulo"]
[BlackFideId "10101314"]
[Black "Silva David"]
[Result "1-0"]
[LiveChessVersion "1.4.8"]
[BlackElo "2223"]
[WhiteElo "2548"]

1. c4 {[%clk 1:30:47]} Nf6 {[%clk 1:29:03]} 2. g3 {[%clk 1:29:41]} g6
{[%clk 1:29:25]} 3. Bg2 {[%clk 1:29:56]} Bg7 {[%clk 1:26:03]} 4. Nc3
{[%clk 1:30:05]} d6 {[%clk 1:25:27]} 5. e4 {[%clk 1:29:08]} O-O {[%clk 1:25:36]}
6. Nge2 {[%clk 1:29:33]} e5 {[%clk 1:25:47]} 7. O-O {[%clk 1:29:28]} a6
{[%clk 1:25:03]} 8. d3 {[%clk 1:29:34]} c6 {[%clk 1:25:24]} 9. h3
{[%clk 1:24:42]} b5 {[%clk 1:25:40]} 10. b3 {[%clk 1:24:20]} h6 {[%clk 1:21:26]}
11. Be3 {[%clk 1:22:46]} b4 {[%clk 1:16:39]} 12. Na4 {[%clk 1:22:44]} c5
{[%clk 1:16:56]} 13. f4 {[%clk 1:03:18]} Nc6 {[%clk 1:16:48]} 14. Qd2
{[%clk 0:52:38]} Kh7 {[%clk 1:11:32]} 15. Rae1 {[%clk 0:52:23]} a5
{[%clk 1:11:41]} 16. Rf2 {[%clk 0:46:17]} Nd4 {[%clk 1:11:53]} 17. fxe5
{[%clk 0:43:32]} Nd7 {[%clk 1:07:30]} 18. exd6 {[%clk 0:41:11]} Ra6
{[%clk 1:07:51]} 19. Ref1 {[%clk 0:32:24]} Ne5 {[%clk 0:52:16]} 20. Nxc5
{[%clk 0:24:39]} Rxd6 {[%clk 0:52:25]} 21. Nf4 {[%clk 0:24:28]} Nec6
{[%clk 0:50:27]} 22. Nd5 {[%clk 0:24:27]} f5 {[%clk 0:49:16]} 23. Kh2
{[%clk 0:22:38]} Re8 {[%clk 0:43:42]} 24. Kh1 {[%clk 0:18:20]} Rf8
{[%clk 0:43:14]} 25. Kg1 {[%clk 0:15:08]} Be5 {[%clk 0:41:14]} 26. Bf4
{[%clk 0:12:38]} Qe8 {[%clk 0:37:59]} 27. Bxe5 {[%clk 0:12:12]} Qxe5
{[%clk 0:38:11]} 28. Qf4 {[%clk 0:11:32]} Rdd8 {[%clk 0:37:18]} 29. Qxe5
{[%clk 0:11:16]} Nxe5 {[%clk 0:37:39]} 30. exf5 {[%clk 0:10:28]} Rxf5
{[%clk 0:36:25]} 31. g4 {[%clk 0:07:59]} Rxf2 {[%clk 0:36:15]} 32. Rxf2
{[%clk 0:08:17]} Kg7 {[%clk 0:36:34]} 33. Kf1 {[%clk 0:07:25]} h5
{[%clk 0:36:22]} 34. gxh5 {[%clk 0:07:43]} Bf5 {[%clk 0:36:33]} 35. hxg6
{[%clk 0:03:17]} Rh8 {[%clk 0:32:51]} 36. Nf4 {[%clk 0:01:12]} Rh4
{[%clk 0:32:00]} 37. Ke1 {[%clk 0:00:48]} Rh8 {[%clk 0:26:22]} 38. Kd2
{[%clk 0:00:43]} Rc8 {[%clk 0:25:26]} 39. Ne4 {[%clk 0:00:42]} a4
{[%clk 0:25:22]} 40. bxa4 {[%clk 0:30:50]} Bd7 {[%clk 0:53:53]} 41. Nd6 1-0

[Event "World Chess Olympiad 2018"]
[Site "Batumi"]
[Date "2018.10.02"]
[Round "8"]
[Board "4"]
[WhiteFideId "10100431"]
[White "Oliveira Luciano"]
[BlackFideId "2107660"]
[Black "Mekhitarian Krikor Sevag"]
[Result "0-1"]
[LiveChessVersion "1.4.8"]
[BlackElo "2543"]
[WhiteElo "2216"]

1. d4 {[%clk 1:30:54]} Nf6 {[%clk 1:30:56]} 2. Nf3 {[%clk 1:31:14]} e6
{[%clk 1:30:32]} 3. c4 {[%clk 1:31:24]} b6 {[%clk 1:30:43]} 4. a3
{[%clk 1:30:50]} Bb7 {[%clk 1:29:22]} 5. Nc3 {[%clk 1:31:10]} d5 {[%clk 1:29:47]}
6. Bg5 {[%clk 1:30:28]} Be7 {[%clk 1:29:53]} 7. e3 {[%clk 1:29:58]} O-O
{[%clk 1:29:35]} 8. Be2 {[%clk 1:28:45]} Nbd7 {[%clk 1:24:42]} 9. Rc1
{[%clk 1:25:29]} c5 {[%clk 1:18:51]} 10. O-O {[%clk 1:25:27]} a6 {[%clk 1:15:20]}
11. h3 {[%clk 1:23:14]} h6 {[%clk 1:10:05]} 12. Bh4 {[%clk 1:12:37]} Rc8
{[%clk 1:03:57]} 13. cxd5 {[%clk 1:06:07]} exd5 {[%clk 1:04:01]} 14. Ne5
{[%clk 1:02:21]} c4 {[%clk 0:55:29]} 15. Bf3 {[%clk 0:53:55]} Rc7
{[%clk 0:37:08]} 16. Bg3 {[%clk 0:49:26]} b5 {[%clk 0:36:57]} 17. Qc2
{[%clk 0:42:13]} Nb6 {[%clk 0:31:42]} 18. Rfd1 {[%clk 0:37:16]} Re8
{[%clk 0:31:12]} 19. Qb1 {[%clk 0:34:42]} Bd6 {[%clk 0:20:36]} 20. Bh4
{[%clk 0:31:23]} Be7 {[%clk 0:20:06]} 21. Bg3 {[%clk 0:29:25]} Rc8
{[%clk 0:19:58]} 22. Qf5 {[%clk 0:27:54]} Ra8 {[%clk 0:19:53]} 23. Bh5
{[%clk 0:24:46]} Rf8 {[%clk 0:19:45]} 24. Bxf7+ {[%clk 0:24:43]} Rxf7
{[%clk 0:20:09]} 25. Qe6 {[%clk 0:25:08]} Qe8 {[%clk 0:19:47]} 26. Nxf7
{[%clk 0:21:43]} Qxf7 {[%clk 0:19:58]} 27. Qxb6 {[%clk 0:21:57]} Bd8
{[%clk 0:19:43]} 28. Qd6 {[%clk 0:21:48]} Ba5 {[%clk 0:20:06]} 29. Qf4
{[%clk 0:21:11]} Re8 {[%clk 0:20:14]} 30. Qf3 {[%clk 0:18:18]} Qg6
{[%clk 0:20:29]} 31. Be5 {[%clk 0:18:27]} Nd7 {[%clk 0:19:44]} 32. Qg3
{[%clk 0:18:11]} Nxe5 {[%clk 0:19:49]} 33. dxe5 {[%clk 0:18:24]} Qxg3
{[%clk 0:20:11]} 34. fxg3 {[%clk 0:18:30]} Rxe5 {[%clk 0:20:39]} 35. Re1
{[%clk 0:11:45]} Bb6 {[%clk 0:20:56]} 36. Kf2 {[%clk 0:11:23]} d4
{[%clk 0:21:01]} 37. exd4 {[%clk 0:08:12]} Bxd4+ {[%clk 0:21:16]} 38. Kf1
{[%clk 0:08:33]} Rf5+ {[%clk 0:21:25]} 39. Ke2 {[%clk 0:08:54]} Rf2+
{[%clk 0:17:59]} 40. Kd1 {[%clk 0:39:17]} Rxb2 {[%clk 0:38:10]} 41. Re8+
{[%clk 0:34:32]} Kh7 {[%clk 0:37:38]} 42. Ne2 {[%clk 0:34:53]} Bc5
{[%clk 0:36:32]} 43. Rc3 {[%clk 0:32:03]} Bxg2 {[%clk 0:35:00]} 44. h4
{[%clk 0:32:22]} Bh3 {[%clk 0:28:50]} 45. Kc1 {[%clk 0:31:35]} Ra2
{[%clk 0:29:15]} 46. Kb1 {[%clk 0:31:33]} Rd2 {[%clk 0:23:36]} 47. h5
{[%clk 0:30:02]} Bg4 {[%clk 0:13:44]} 48. Nf4 {[%clk 0:27:28]} Bd4
{[%clk 0:13:55]} 49. Ng6 {[%clk 0:27:22]} Bxh5 {[%clk 0:14:19]} 50. Nf8+
{[%clk 0:25:23]} Kg8 {[%clk 0:14:43]} 0-1

[Event "World Chess Olympiad 2018"]
[Site "Batumi"]
[Date "2018.10.02"]
[Round "8"]
[Board "1"]
[WhiteFideId "8500037"]
[White "Kigigha Bomo"]
[BlackFideId "6501311"]
[Black "Duran Vega Sergio"]
[Result "0-1"]
[LiveChessVersion "1.4.8"]
[BlackElo "2401"]
[WhiteElo "2300"]

1. c4 e5 {[%clk 1:30:47]} 2. g3 {[%clk 1:31:11]} Nf6 {[%clk 1:30:56]} 3. Bg2
{[%clk 1:31:34]} c6 {[%clk 1:31:18]} 4. d4 {[%clk 1:31:52]} exd4 {[%clk 1:31:06]}
5. Qxd4 {[%clk 1:32:17]} d5 {[%clk 1:31:31]} 6. Nf3 {[%clk 1:30:54]} Nbd7
{[%clk 1:31:00]} 7. cxd5 {[%clk 1:30:48]} Bc5 {[%clk 1:30:59]} 8. Qh4
{[%clk 1:24:18]} Nxd5 {[%clk 1:31:07]} 9. Qxd8+ {[%clk 1:24:41]} Kxd8
{[%clk 1:31:34]} 10. a3 {[%clk 1:24:22]} a5 {[%clk 1:31:17]} 11. Ng5
{[%clk 1:24:05]} Ke7 {[%clk 1:27:58]} 12. O-O {[%clk 1:21:24]} f6
{[%clk 1:25:04]} 13. e4 {[%clk 1:20:31]} Ne3 {[%clk 1:19:39]} 14. Bxe3
{[%clk 1:18:47]} Bxe3 {[%clk 1:20:02]} 15. Nf3 {[%clk 1:19:13]} Bb6
{[%clk 1:17:38]} 16. Nc3 {[%clk 1:18:24]} a4 {[%clk 1:16:22]} 17. Bh3
{[%clk 1:15:00]} Ne5 {[%clk 1:10:49]} 18. Bxc8 {[%clk 1:15:20]} Nxf3+
{[%clk 1:10:46]} 19. Kg2 {[%clk 1:15:46]} Nh4+ {[%clk 1:09:12]} 20. gxh4
{[%clk 1:15:31]} Rhxc8 {[%clk 1:09:40]} 21. Rfd1 {[%clk 1:15:40]} Bc7
{[%clk 1:09:07]} 22. Rac1 {[%clk 1:10:52]} Be5 {[%clk 1:04:22]} 23. Rc2
{[%clk 1:11:10]} Rd8 {[%clk 1:00:49]} 24. Rxd8 {[%clk 1:10:58]} Kxd8
{[%clk 1:01:16]} 25. Ne2 {[%clk 1:11:18]} Ke7 {[%clk 0:54:11]} 26. f4
{[%clk 1:11:10]} Bc7 {[%clk 0:51:29]} 27. Rd2 {[%clk 1:09:44]} Ra5
{[%clk 0:47:50]} 28. Kf3 {[%clk 1:09:55]} g6 {[%clk 0:44:57]} 29. Nc3
{[%clk 1:02:15]} Rh5 {[%clk 0:38:34]} 30. Kg4 {[%clk 0:49:02]} f5+
{[%clk 0:36:14]} 31. Kg3 {[%clk 0:46:35]} fxe4 {[%clk 0:34:27]} 32. Re2
{[%clk 0:46:59]} b5 {[%clk 0:34:19]} 33. Nxe4 {[%clk 0:46:11]} Rf5
{[%clk 0:25:40]} 34. Ng5+ {[%clk 0:44:07]} Kd7 {[%clk 0:23:23]} 35. Ne6
{[%clk 0:36:57]} Bd6 {[%clk 0:21:39]} 36. Re4 {[%clk 0:34:54]} c5
{[%clk 0:13:54]} 37. Ng5 {[%clk 0:28:45]} h6 {[%clk 0:13:03]} 38. Nf3
{[%clk 0:18:49]} g5 {[%clk 0:09:33]} 39. hxg5 {[%clk 0:10:03]} hxg5
{[%clk 0:09:57]} 40. Kg4 {[%clk 0:40:27]} Rxf4+ {[%clk 0:40:21]} 41. Rxf4
{[%clk 0:40:50]} Bxf4 {[%clk 0:40:49]} 42. h4 {[%clk 0:41:03]} Bc1
{[%clk 0:41:13]} 43. hxg5 {[%clk 0:29:46]} Bxb2 {[%clk 0:41:31]} 44. g6
{[%clk 0:22:10]} b4 {[%clk 0:40:31]} 45. Kf5 {[%clk 0:22:27]} bxa3
{[%clk 0:40:43]} 46. Ne5+ {[%clk 0:02:01]} Bxe5 {[%clk 0:41:04]} 0-1

[Event "World Chess Olympiad 2018"]
[Site "Batumi"]
[Date "2018.10.02"]
[Round "8"]
[Board "2"]
[WhiteFideId "6500331"]
[White "Valdes Romero Leonardo"]
[BlackFideId "8501246"]
[Black "Balogun Oluwafemi"]
[Result "0-1"]
[LiveChessVersion "1.4.8"]
[BlackElo "2275"]
[WhiteElo "2398"]

1. Nf3 {[%clk 1:30:56]} Nf6 {[%clk 1:30:40]} 2. c4 {[%clk 1:31:16]} g6
{[%clk 1:31:00]} 3. g3 {[%clk 1:31:41]} Bg7 {[%clk 1:30:57]} 4. Bg2
{[%clk 1:32:06]} c6 {[%clk 1:31:03]} 5. d4 {[%clk 1:31:56]} O-O {[%clk 1:30:29]}
6. Nc3 {[%clk 1:32:11]} d6 {[%clk 1:30:01]} 7. O-O {[%clk 1:32:28]} Qa5
{[%clk 1:28:36]} 8. e4 {[%clk 1:32:20]} e5 {[%clk 1:27:00]} 9. d5
{[%clk 1:32:25]} cxd5 {[%clk 1:27:10]} 10. cxd5 {[%clk 1:32:49]} b5
{[%clk 1:25:07]} 11. a4 {[%clk 1:33:06]} b4 {[%clk 1:25:26]} 12. Nb5
{[%clk 1:33:31]} Ba6 {[%clk 1:21:56]} 13. Nd2 {[%clk 1:33:39]} Bxb5
{[%clk 1:20:26]} 14. Nb3 {[%clk 1:34:02]} Qa6 {[%clk 1:21:19]} 15. axb5
{[%clk 1:34:57]} Qxb5 {[%clk 1:21:40]} 16. Ra5 {[%clk 1:23:56]} Qc4
{[%clk 1:13:32]} 17. Re1 {[%clk 1:22:13]} Rc8 {[%clk 1:07:10]} 18. Bf1
{[%clk 1:19:43]} Qc7 {[%clk 1:00:04]} 19. Bd3 {[%clk 1:11:55]} h5
{[%clk 0:48:47]} 20. h3 {[%clk 0:53:32]} Nbd7 {[%clk 0:43:36]} 21. Ra6
{[%clk 0:37:05]} Nb8 {[%clk 0:36:29]} 22. Ra5 {[%clk 0:33:05]} Nbd7
{[%clk 0:35:21]} 23. Ra1 {[%clk 0:28:47]} a5 {[%clk 0:30:18]} 24. Bb5
{[%clk 0:29:00]} Nc5 {[%clk 0:30:17]} 25. Bc6 {[%clk 0:27:58]} Nfxe4
{[%clk 0:24:51]} 26. Bxa8 {[%clk 0:24:46]} Nxb3 {[%clk 0:18:35]} 27. Qxb3
{[%clk 0:23:04]} Nc5 {[%clk 0:19:01]} 28. Qc4 {[%clk 0:23:17]} Rxa8
{[%clk 0:19:24]} 29. Be3 {[%clk 0:23:36]} Bf8 {[%clk 0:19:37]} 30. Bxc5
{[%clk 0:12:46]} dxc5 {[%clk 0:19:21]} 31. b3 {[%clk 0:13:10]} Bd6
{[%clk 0:18:37]} 32. Qb5 {[%clk 0:09:57]} Qd8 {[%clk 0:11:19]} 33. Kg2
{[%clk 0:08:08]} h4 {[%clk 0:09:41]} 34. g4 {[%clk 0:07:25]} Kg7 {[%clk 0:07:42]}
35. Ra2 {[%clk 0:06:56]} Ra7 {[%clk 0:06:55]} 36. Rd1 {[%clk 0:04:28]} e4
{[%clk 0:05:45]} 37. Qe2 {[%clk 0:03:05]} Qe7 {[%clk 0:04:07]} 38. Re1
{[%clk 0:01:55]} Qe5 {[%clk 0:02:51]} 39. Qb2 {[%clk 0:32:17]} Qxb2
{[%clk 0:32:53]} 40. Rxb2 {[%clk 0:32:40]} a4 {[%clk 0:33:20]} 41. Rxe4
{[%clk 0:25:40]} axb3 {[%clk 0:32:19]} 42. Rxb3 {[%clk 0:21:13]} Ra2
{[%clk 0:32:37]} 43. Rc4 {[%clk 0:13:44]} Rd2 {[%clk 0:31:39]} 44. Kf3
{[%clk 0:13:42]} Rxd5 {[%clk 0:29:56]} 45. Ke4 {[%clk 0:12:48]} Rd1
{[%clk 0:26:21]} 46. Rd3 {[%clk 0:11:15]} Re1+ {[%clk 0:26:48]} 47. Kd5
{[%clk 0:10:21]} Bf8 {[%clk 0:26:49]} 48. g5 {[%clk 0:07:28]} Rb1
{[%clk 0:12:46]} 49. Rxh4 {[%clk 0:05:27]} b3 {[%clk 0:12:33]} 50. Kc6
{[%clk 0:04:54]} b2 {[%clk 0:09:48]} 51. Rb3 {[%clk 0:04:55]} Be7
{[%clk 0:07:20]} 52. Re4 {[%clk 0:02:39]} Bxg5 {[%clk 0:07:22]} 53. Re5
{[%clk 0:03:02]} Bf6 {[%clk 0:07:13]} 54. Rxc5 {[%clk 0:03:05]} Rc1
{[%clk 0:06:58]} 55. Kd5 {[%clk 0:03:23]} b1=Q {[%clk 0:06:58]} 56. Rxb1
{[%clk 0:03:48]} Rxb1 {[%clk 0:07:23]} 57. Ke4 {[%clk 0:02:37]} Rb2
{[%clk 0:06:34]} 58. f4 {[%clk 0:00:55]} Rh2 {[%clk 0:06:43]} 59. Kf3
{[%clk 0:01:14]} Rxh3+ {[%clk 0:07:07]} 60. Kg2 {[%clk 0:01:37]} Rc3
{[%clk 0:07:04]} 0-1

[Event "World Chess Olympiad 2018"]
[Site "Batumi"]
[Date "2018.10.02"]
[Round "8"]
[Board "3"]
[WhiteFideId "8504580"]
[White "Anwuli Daniel"]
[BlackFideId "6500170"]
[Black "Gonzalez Acosta Bernal"]
[Result "0-1"]
[LiveChessVersion "1.4.8"]
[BlackElo "2452"]
[WhiteElo "2267"]

1. c4 {[%clk 1:30:59]} c6 {[%clk 1:30:55]} 2. g3 {[%clk 1:31:13]} d5
{[%clk 1:31:20]} 3. Nf3 {[%clk 1:31:39]} Nf6 {[%clk 1:31:46]} 4. Bg2
{[%clk 1:32:05]} dxc4 {[%clk 1:32:13]} 5. O-O {[%clk 1:32:17]} Nbd7
{[%clk 1:32:39]} 6. Qc2 {[%clk 1:32:26]} Nb6 {[%clk 1:32:55]} 7. Rd1
{[%clk 1:27:44]} Qd5 {[%clk 1:20:03]} 8. Nc3 {[%clk 1:24:53]} Qh5
{[%clk 1:18:21]} 9. d3 {[%clk 1:08:57]} Bf5 {[%clk 1:14:58]} 10. Nd4
{[%clk 1:06:17]} cxd3 {[%clk 1:13:39]} 11. Qb3 {[%clk 1:03:58]} Bd7
{[%clk 1:05:48]} 12. a4 {[%clk 0:39:42]} e5 {[%clk 1:01:30]} 13. a5
{[%clk 0:35:21]} exd4 {[%clk 1:01:19]} 14. axb6 {[%clk 0:35:45]} dxc3
{[%clk 0:49:28]} 15. Rxa7 {[%clk 0:26:00]} Rd8 {[%clk 0:49:20]} 16. Rxd3
{[%clk 0:25:19]} Bc5 {[%clk 0:44:10]} 17. Be3 {[%clk 0:21:08]} Ng4
{[%clk 0:42:00]} 18. Qxc3 {[%clk 0:03:39]} Qxh2+ {[%clk 0:38:42]} 19. Kf1
{[%clk 0:03:55]} Bxe3 {[%clk 0:35:22]} 20. Qxg7 {[%clk 0:00:35]} Bxf2 0-1